| 000 | 00825nam a2200205 i 4500 | ||
|---|---|---|---|
| 001 | 83152 | ||
| 003 | ES-MaACL | ||
| 005 | 20230906174803.0 | ||
| 007 | t| | ||
| 008 | 041115s1981 sp ||||1| spa d | ||
| 080 | _a301.08 | ||
| 245 | 0 | 0 |
_aMedida del bienestar social : _bprogresos realizados en la elaboración de los indicadores sociales : programa de la OCDE de elaboración de los indicadores sociales / _c[traducción, Elena Ibarrola Muñoz]. |
| 260 |
_aMadrid : _b[Instituto Nacional de Estadística], _c1981. |
||
| 300 |
_a318 p. ; _c24 cm. |
||
| 650 | 4 |
_aIndicadores socioeconómicos. _9168854 |
|
| 700 | 1 |
_aIbarrola Muñoz, Elena. _964976 |
|
| 710 | 2 |
_aOrganización de Cooperación y Desarrollo Económico. _9167502 |
|
| 710 | 2 |
_aInstituto Nacional de Estadística (España) _95162 |
|
| 852 | 4 |
_aES-MaACL _jL-1293 |
|
| 999 |
_c83152 _d83152 |
||